Football : les 100 derniers buteurs pour le PSG - Statistiques

Statistiques générales
  • Ce quiz a été pris 354 fois
  • Le résultat moyen est 51 sur 100
Statistiques - réponses
Pays Poste Joueur % Correct
Maroc Latéral droit Achraf Hakimi
97%
Espagne Milieu Fabian Ruiz
96%
France Ailier/ Faux 9 Ousmane Dembélé
96%
Portugal Attaquant de pointe Gonçalo Ramos
95%
Portugal Milieu Vitinha
95%
Portugal Milieu Joao Neves
94%
Espagne Défenseur central Sergio Ramos
94%
Brésil Défenseur central Marquinhos
93%
France Ailier Bradley Barcola
92%
France Ailier Désiré Doué
92%
Portugal Latéral gauche Nuno Mendes
92%
Corée du sud Ailier Kang-In Lee
91%
France Ailier/numéro 9 Kylian Mbappé
91%
Brésil Ailier Neymar
88%
France Milieu Warren Zaïre-Emery
87%
Italie Milieu Marco Verratti
86%
Uruguay Attaquant de pointe Edinson Cavani
85%
Argentine Ailier Lionel Messi
85%
Suède Attaquant de pointe Zlatan Ibrahimovic
82%
France Milieu Senny Mayulu
81%
Argentine Ailier Angel Di Maria
79%
Brésil Défenseur central Thiago Silva
78%
Géorgie Ailier Khvicha Kvaratskhelia
77%
Brésil Défenseur central Lucas Beraldo
74%
France Défenseur central Presnel Kimpembe
73%
France Défenseur central/latéral gauche Lucas Hernandez
72%
Argentine Attaquant de pointe Mauro Icardi
71%
Allemagne Milieu offensif/ailier Julian Draxler
70%
Belgique Latéral droit Thomas Meunier
68%
Portugal Milieu défensif/défenseur central Danilo Pereira
66%
Sénégal Milieu Idrissa Gueye
66%
Slovaquie Défenseur central Milan Skriniar
66%
France Attaquant de pointe Randal Kolo Muani
66%
France Ailier Ibrahim Mbaye
65%
France Milieu Blaise Matuidi
62%
Espagne Latéral gauche Juan Bernat
62%
Italie Milieu Thiago Motta
61%
Argentine Milieu Leandro Paredes
60%
Espagne Ailier Marco Asensio
60%
Argentine Milieu offensif Javier Pastore
59%
Espagne Milieu Carlos Soler
58%
Cameroun Attaquant de pointe Eric-Maxim Choupo-Moting
58%
Brésil Latéral gauche Maxwell
57%
Allemagne Défenseur central/latéral droit Thilo Kehrer
57%
Brésil Défenseur central David Luiz
55%
Pays-Bas Milieu Georgino Wijnaldum
55%
France Latéral gauche Layvin Kurzawa
55%
Brésil Ailier Lucas Moura
55%
Italie Attaquant de pointe Moise Kean
55%
Côte d'ivoire Latéral droit Serge Aurier
55%
USA Attaquant de pointe Tim Weah
55%
Brésil Latéral droit Daniel Alves
52%
Argentine Ailier Ezequiel Lavezzi
52%
France Milieu Adrien Rabiot
49%
Italie Latéral droit Alessandro Florenzi
49%
France Attaquant de pointe Hugo Ekitike
47%
Espagne Ailier Pablo Sarabia
46%
Espagne Milieu Ander Herrera
44%
Pays-Bas Latéral droit Grégory Van Der Wiel
43%
France Latéral droit Christophe Jallet
40%
France Latéral droit Colin Dagba
39%
Espagne Ailier Jésé Rodriguez
38%
France Milieu Yohan Cabaye
38%
Espagne Latéral gauche Yuri Berchiche
38%
France Milieu offensif Christopher Nkunku
37%
Argentine Milieu Giovanni Lo Celso
36%
Brésil Défenseur central Alex
34%
France Attaquant de pointe Guillaume Hoarau
34%
Brésil Milieu offensif Nenê
34%
Turquie Attaquant de pointe Mevlüt Erdinç
33%
France Milieu Clément Chantome
31%
Portugal Milieu Renato Sanches
31%
France Milieu offensif Hatem Ben Arfa
30%
France Défenseur central Mamadou Sakho
30%
Italie Milieu Cher Ndour
29%
France Ailier Moussa Diaby
29%
France Attaquant de pointe Kévin Gameiro
28%
France Attaquant de pointe Jérémy Ménez
27%
France Latéral droit Yoram Zague
27%
Uruguay Défenseur central Diego Lugano
21%
France Milieu défensif Zoumana Camara
20%
France Défenseur central Tanguy Kouassi
19%
France Attaquant de pointe Jean-Kévin Augustin
17%
Serbie Défenseur central Milan Bisevac
17%
Bénin Milieu offensif Stéphane Sessègnon
17%
France Latéral droit Timothée Pembélé
17%
Mali Milieu Mohamed Sissoko
16%
Brésil Latéral droit Ceará
15%
France Attaquant de pointe Jean-Christophe Bahebeck
15%
France Milieu défensif Mathieu Bodmer
15%
France Défenseur central Sylvain Armand
15%
France Milieu offensif Hervin Ongenda
14%
Serbie Attaquant de pointe Mateja Kezman
13%
France Attaquant de pointe Peguy Luyindula
12%
Côte d'ivoire Latéral gauche Siaka Tiéné
12%
France Milieu Adil Aouchiche
10%
France Attaquant de pointe Ludovic Giuly
10%
Turquie Attaquant de pointe Metehan Guçlu
8%
Congo Ailier Neeskens Kebano
3%
Sénégal Milieu Younousse Sankharé
2%
Aucun quiz correspondant
Distribution des résultats
% des personnes avec chaque résultat
Percentile par nombre de réponses
Votre historique - résultats
Vous n’avez pas pris ce quiz